Countries with the most Nobel Prize Winners - Statistics

General Stats
  • This quiz has been taken 4,920 times
    4,914 since last reset
  • The average score is 17 of 20
Answer Stats
Nobel Prizes Country % Correct
270 United States
100%
101 United Kingdom
98%
49 France
97%
76 Germany
97%
14 Italy
93%
6 Spain
93%
30 Sweden
93%
10 Canada
92%
12 Japan
91%
6 Australia
87%
11 Austria
83%
4 India
83%
5 Poland
82%
22 Switzerland
81%
15 Netherlands
80%
13 Denmark
78%
5 Ireland
69%
5 South Africa
62%
5 Argentina
59%
5 Israel
53%
No matching quizzes found
Score Distribution
Percent of People with Each Score
Percentile by Number Answered
Your Score History
You have not taken this quiz since the last reset